5HLuxD.jpg

KING HENRY VIII SENIOR AND PRIMARY SCHOOL LIBRARY OPAC

Elmer and the birthday quake / (Record no. 1547)

000 -LEADER
fixed length control field 01217cam a2200313 a 4500
001 - CONTROL NUMBER
control field 17457199
003 - CONTROL NUMBER IDENTIFIER
control field OSt
005 - DATE AND TIME OF LATEST TRANSACTION
control field 20230112095144.0
008 - FIXED-LENGTH DATA ELEMENTS--GENERAL INFORMATION
fixed length control field 120910r20132012mnua b 000 1 eng
010 ## - LIBRARY OF CONGRESS CONTROL NUMBER
LC control number 2012030094
020 ## - INTERNATIONAL STANDARD BOOK NUMBER
International Standard Book Number 9781467711173 (trade hard cover : alk. paper)
040 ## - CATALOGING SOURCE
Original cataloging agency DLC
Transcribing agency DLC
Modifying agency DLC
-- KH8
042 ## - AUTHENTICATION CODE
Authentication code lcac
-- pcc
082 00 - DEWEY DECIMAL CLASSIFICATION NUMBER
Classification number 823.9 MCK
Edition number 23
100 1# - MAIN ENTRY--PERSONAL NAME
Personal name McKee, David.
Relator term author
245 10 - TITLE STATEMENT
Title Elmer and the birthday quake /
Statement of responsibility, etc. David McKee.
250 ## - EDITION STATEMENT
Edition statement American ed.
260 ## - PUBLICATION, DISTRIBUTION, ETC.
Place of publication, distribution, etc. Minneapolis :
Name of publisher, distributor, etc. Anderson Press USA :
-- Distributed in the U.S. by Lener Pub. Group,
Date of publication, distribution, etc. 2013.
300 ## - PHYSICAL DESCRIPTION
Extent 1 v. (unpaged) :
Other physical details col. ill. ;
Dimensions 28 cm.
520 ## - SUMMARY, ETC.
Summary, etc. Elmer the patchwork elephant and his cousin Wilbur investigate a distant noise and see their friend Super El rescue Old, a pink elephant whose 100th birthday celebration caused an earthquake.
521 1# - TARGET AUDIENCE NOTE
Target audience note Ages 4-9.
650 #1 - SUBJECT ADDED ENTRY--TOPICAL TERM
Topical term or geographic name entry element Elephants
Form subdivision Fiction.
650 #1 - SUBJECT ADDED ENTRY--TOPICAL TERM
Topical term or geographic name entry element Superheroes
Form subdivision Fiction.
650 #1 - SUBJECT ADDED ENTRY--TOPICAL TERM
Topical term or geographic name entry element Earthquakes
Form subdivision Fiction.
650 #1 - SUBJECT ADDED ENTRY--TOPICAL TERM
Topical term or geographic name entry element Birthdays
Form subdivision Fiction.
906 ## - LOCAL DATA ELEMENT F, LDF (RLIN)
a 7
b cbc
c orignew
d 1
e ecip
f 20
g y-gencatlg
942 ## - ADDED ENTRY ELEMENTS (KOHA)
Source of classification or shelving scheme
Koha item type Books - Non Ficton
Holdings
Withdrawn status Lost status Source of classification or shelving scheme Damaged status Not for loan Collection code Permanent Location Current Location Shelving location Date acquired Total Checkouts Total Renewals Full call number Barcode Date last seen Date last checked out Price effective from Koha item type
          Non-Fiction KH8 Primary School Library KH8 Primary School Library Fiction 2023-01-12 29 1 823.9 MCK KHPL000003309 2026-02-03 2026-01-13 2023-01-12 Books - Non Ficton

Powered By KH8 IT Dept